Die Deutsche Malerei (Record no. 8003)
[ view plain ]
| 000 -CABECERA | |
|---|---|
| campo de control de longitud fija | 01394nam a2200313 a 4500 |
| 001 - NÚMERO DE CONTROL | |
| campo de control | BRCA_8335 |
| 005 - FECHA Y HORA DE LA ÚLTIMA TRANSACCIÓN | |
| campo de control | 20190320210233.0 |
| 008 - DATOS DE LONGITUD FIJA--INFORMACIÓN GENERAL | |
| campo de control de longitud fija | 020714m19131919gw-a###f##---#001-0#ger-# |
| 041 ## - CÓDIGO DE LENGUA | |
| Código de lengua del texto/banda sonora o título independiente | ger |
| 044 ## - CÓDIGO DEL PAÍS DE LA ENTIDAD EDITORA/PRODUCTORA | |
| Código MARC del país | gw |
| 050 #4 - SIGNATURA TOPOGRÁFICA DE LA BIBLIOTECA DEL CONGRESO | |
| Número de clasificación | ND565 |
| Número de documento/Ítem | .B8 1913 |
| 100 1# - ENTRADA PRINCIPAL--NOMBRE DE PERSONA | |
| Nombre de persona | Burger, Fritz |
| Fechas asociadas al nombre | 1877-1916 |
| 9 (RLIN) | 10303 |
| 245 10 - MENCIÓN DE TÍTULO | |
| Título | Die Deutsche Malerei |
| Resto del título | vom ausgehenden mittelalter bis zum ende der Renaissance |
| Mención de responsabilidad, etc. | von Fritz Burger, Hermann Schmitz und Ignaz Beth ; herausgegeben von A. E. Brinckmann. |
| 260 ## - PUBLICACIÓN, DISTRIBUCIÓN, ETC. | |
| Lugar de publicación, distribución, etc. | Alemania |
| Nombre del editor, distribuidor, etc. | Akademische Verlagsgesellschaft Athenaion |
| Fecha de publicación, distribución, etc. | 1913-1919 |
| 300 ## - DESCRIPCIÓN FÍSICA | |
| Extensión | 3 v. |
| Otras características físicas | il. (algunas a color), 49 láminas |
| Dimensiones | 29 cm. |
| 440 #0 - MENCIÓN DE SERIE/PUNTO DE ACCESO ADICIONAL--TÍTULO | |
| Título | Handbuch der Kunstwissenschaft |
| 9 (RLIN) | 20852 |
| 500 ## - NOTA GENERAL | |
| Nota general | Incluye índice de ilustraciones e índice onomástico |
| 500 ## - NOTA GENERAL | |
| Nota general | R49 |
| 504 ## - NOTA DE BIBLIOGRAFÍA, ETC. | |
| Nota de bibliografía, etc. | Bibliografía p. 487-488 (en volumen 2) |
| 505 0# - NOTA DE CONTENIDO CON FORMATO | |
| Nota de contenido con formato | v.1 Allgemeiner teil, Böhmen und die Öster-Reichisch-Bayerischen Lande bis 1450 (1913).-- v.2 Die Öster-Reichisch-Bayerischen Lande Schwaben, Oberrhein und die Scweiz bis 1420 (1917).-- v.3 Oberdeutschland im XV-XVI jahrhundert (1919) |
| 650 14 - PUNTO DE ACCESO ADICIONAL DE MATERIA--TÉRMINO DE MATERIA | |
| Término de materia o nombre geográfico como elemento de entrada | Pintura alemana |
| Subdivisión general | Historia |
| 9 (RLIN) | 20853 |
| 650 14 - PUNTO DE ACCESO ADICIONAL DE MATERIA--TÉRMINO DE MATERIA | |
| Término de materia o nombre geográfico como elemento de entrada | Pintura |
| Subdivisión general | Edad Media |
| Subdivisión geográfica | Alemania |
| 9 (RLIN) | 20854 |
| 650 14 - PUNTO DE ACCESO ADICIONAL DE MATERIA--TÉRMINO DE MATERIA | |
| Término de materia o nombre geográfico como elemento de entrada | Pintura |
| Subdivisión general | Renacimiento |
| Subdivisión geográfica | Alemania |
| 9 (RLIN) | 20855 |
| 700 1# - PUNTO DE ACCESO ADICIONAL--NOMBRE DE PERSONA | |
| Nombre de persona | Schmitz, Hermann |
| Término indicativo de función/relación | coaut. |
| 9 (RLIN) | 9529 |
| 700 1# - PUNTO DE ACCESO ADICIONAL--NOMBRE DE PERSONA | |
| Nombre de persona | Beth, Ignaz |
| Término indicativo de función/relación | coaut. |
| 9 (RLIN) | 20856 |
| 700 1# - PUNTO DE ACCESO ADICIONAL--NOMBRE DE PERSONA | |
| Nombre de persona | Brinckmann, A. E. |
| Término indicativo de función/relación | ed. |
| 9 (RLIN) | 20857 |
| 902 ## - CATALOGADOR | |
| Iniciales | GFM |
| 942 ## - ELEMENTOS DE PUNTO DE ACCESO ADICIONAL (KOHA) | |
| Fuente del sistema de clasificación o colocación | Library of Congress Classification |
| Tipo de ítem Koha | Libros |
| Estado de retiro | Estado de pérdida | Estado dañado | No para préstamo | Localización permanente | Ubicación/localización actual | Fecha de adquisición | Número de inventario | Total de préstamos | Signatura topográfica completa | Código de barras | Fecha visto por última vez | Precio válido a partir de | Tipo de ítem Koha |
|---|---|---|---|---|---|---|---|---|---|---|---|---|---|
| El ejemplar forma parte de la colección y puede ser consultado según las políticas vigentes. | Biblioteca del Museo Franz Mayer (Rogerio Casas-Alatriste) | Biblioteca del Museo Franz Mayer (Rogerio Casas-Alatriste) | 02/07/2014 | R49 | ND565 .B8 1913 (R49) | 8959 | 22/03/2019 | 22/03/2019 | Libros |